000 01032nmm a2200289 a 4500
001 ocm0002146485
003 TR-IsHL
005 20201028183044.0
008 190311s2018 tu tur
007 cr cn
020 _a9786059148924
035 _a2146485
_b(N$T)
050 0 4 _aPL76.9.N89
_bB5619 2018
090 0 4 _aPL76.9.N89
_bB5619 2018
100 1 _aNurjekeuli, Beksultan
245 1 0 _aEy, Dünya Ey!
_h[electronic resource] /
_cBeksultan Nurjekeuli ; Çeviren Gulshat Shaikenova (Gülşat Şaykenova) ; editör Prof. Dr. Hikmet Koraş
260 _aİstanbul :
_bBengü Yayınları,
_c2018
300 _a318 p.
650 4 _aDil ve Edebiyat
650 4 _aLanguage and Literature
650 0 _aKazakh fiction
650 0 _aKazak romanı
650 7 _aLITERARY COLLECTIONS / Russian & Former Soviet Union
_2bisacsh
700 1 _aGulshat Shaikenova (Gülşat Şaykenova)
700 1 _aKoraş, Hikmet
856 4 0 _uhttp://search.ebscohost.com/login.aspx?direct=true&scope=site&db=e011xww&AN=2146485
999 _c20357
_d20357